000 00364 a2200109 4500
001 ART_2974
005 20260410161711.0
008 260409a
245 1 0 _aModelo de programación dos etapas para el sector agrícola argentino.
100 1 _aPiñeiro, Martín E.
773 0 _tDesarrollo económico
_g- Vol. 9, Nº 35 (oct./dic. 1969)
_wREV1174
999 _c16101
_d16101